000 00410nam a2200133Ia 4500
008 240719s9999 xx 000 0 und d
041 _aeng
082 _a658.4034 SIM
100 _aSimchi-Levi, David
245 _aOperations Rules: Delivering Customer Value through Flexible Operations
260 _aLondon
_bThe MIT Press
_c2010
300 _a239;. P. 24 cm
520 _aFaculty Purchase by Dr. S. Maheshwaran
999 _c41484
_d41484